Důsledky změn věkové struktury obyvatelstva na vývoj nákladů na poskytování zdravotní péče
Vývoj nákladov na zdravotnú starostlivosť v ČR v rokoch 2010-2014. Štruktúra financovania zdravotnej starostlivosti v rokoch 2000 a 2013. Poistné odvody na zdravotné poistenie. Odhad vývoja kľúčových parametrov ovplyvňujúcich výšku príjmov zdravotných poisťovní. Očakávaný vývoj vybraného poistného n...
Gespeichert in:
| 1. Verfasser: | |
|---|---|
| Format: | Buchkapitel |
| Sprache: | Tschechisch |
| Schlagworte: | |
| Tags: |
Keine Tags, Fügen Sie das erste Tag hinzu!
|
MARC
| LEADER | 00000naa a2200000 4500 | ||
|---|---|---|---|
| 001 | 0254333 | ||
| 005 | 20190528113029.1 | ||
| 041 | 0 | |a cze | |
| 044 | |a CZ | ||
| 245 | 1 | 0 | |a Důsledky změn věkové struktury obyvatelstva na vývoj nákladů na poskytování zdravotní péče |c Ladislav Průša |
| 520 | |a Vývoj nákladov na zdravotnú starostlivosť v ČR v rokoch 2010-2014. Štruktúra financovania zdravotnej starostlivosti v rokoch 2000 a 2013. Poistné odvody na zdravotné poistenie. Odhad vývoja kľúčových parametrov ovplyvňujúcich výšku príjmov zdravotných poisťovní. Očakávaný vývoj vybraného poistného na zdravotné poistenie do roku 2030. | ||
| 610 | 2 | 0 | |a populácia |
| 610 | 2 | 0 | |a obyvateľstvo |
| 610 | 2 | 0 | |a vek |
| 610 | 2 | 0 | |a starostlivosť zdravotná |
| 610 | 2 | 0 | |a financie |
| 610 | 2 | 0 | |a náklady |
| 610 | 2 | 0 | |a poistenie zdravotné |
| 610 | 2 | 0 | |a poistné |
| 610 | 2 | 0 | |a Česko |
| 100 | 1 | |a Průša, Ladislav | |